quel est le personnage associé à l'animé - Statistiques

Statistiques générales
  • Ce quiz a été pris 105 fois
  • Le résultat moyen est 12 sur 20
Statistiques - réponses
Hint Réponse % Correct
Seven Deadly Sins Elizabeth Liones
95%
jujustsu kaisen Megumi Fushiguro
91%
naruto Sasuke Uchiwa
91%
my hero academia Shoto Todoroki
91%
one piece Usopp
91%
l'attaque des titans (SNK) historia reiss
88%
Tokyo Ghoul Ken Kaneki
88%
dragon ball Krilin
86%
demon slayer Inosuke Hashibira
85%
Tokyo Revengers Hinata Tachibana
60%
bluelock
Meguru Bachira
55%
parasite shinichi izumi
47%
pokemon Cilan
44%
your lie in april kaori miyazono
42%
inazuma eleven go Arion Sherwind
37%
Danganronpa Monokuma
35%
mirai nikki Yukiteru Amano
33%
Konosuba Kazuma Satō
29%
Redo of Healer Keyaru
27%
beyblade Tyson Granger
27%
Aucun quiz correspondant
Distribution des résultats
% des personnes avec chaque résultat
Percentile par nombre de réponses
Votre historique - résultats
Vous n’avez pas pris ce quiz